书目信息 |
| 题名: |
信及录
|
|
| 作者: | ;中国历史研究社 编 | |
| 分册: | ||
| 出版信息: | 上海 上海书店 1982 |
|
| 页数: | 271页 | |
| 开本: | 19cm | |
| 丛书名: | 中国历史研究资料丛书 | |
| 单 册: | ||
| 中图分类: | K253.06 | |
| 科图分类: | ||
| 主题词: | 中国--历史--1840~1949 | |
| 电子资源: | ||
| ISBN: | ||
| 000 | 00707nam2 2200253 45 | |
| 001 | 0182000734 | |
| 005 | 20060816083030.15 | |
| 010 | @dCNY0.92 | |
| 100 | @a19950407d1982 em y0chiy0121 ea | |
| 101 | 0 | @achi |
| 102 | @aCN@b310000 | |
| 105 | @ay z 000yy | |
| 200 | 10 | @a信及录@Axin ji lu@f中国历史研究社编 |
| 205 | @b影印本 | |
| 210 | @a上海@c上海书店@d1982 | |
| 215 | @a271页@d19cm | |
| 225 | 2 | @a中国历史研究资料丛书 |
| 410 | 0 | @120010@a中国历史研究资料丛书 |
| 606 | 0 | @a中国@x历史@z1840~1949 |
| 690 | @aK253.06 | |
| 711 | 02 | @a中国历史研究社@Azhong guo li shi yan jiu she@4编 |
| 801 | 2 | @aCN@bNLC@c20060816 |
| 801 | 0 | @aCN@b上海图书馆@c20040506 |
| 905 | @f3@b217058-060@dK253.06@e5 | |
| 信及录/中国历史研究社编.-影印本.-上海:上海书店,1982 |
| 271页;19cm.-(中国历史研究资料丛书) |
| ISBN :CNY0.92 |
| ● |
| 相关链接 |
|
|
|
|
正题名:信及录
索取号:K253.06/5
 
预约/预借
| 序号 | 登录号 | 条形码 | 馆藏地/架位号 | 状态 | 备注 |
| 1 | 0462990 | 204629900 | 密集书库/ [索取号:K253.06/5] | 在馆 |